01874nam a2200325 4500001000400000003000400004005001700008008004100025020001800066040000800084041001300092082001700105100001500122240005000137245014900187260003400336300001600370490004000386520089500426650002501321650001901346650001701365650001301382650002101395655001201416655001601428700003701444700002701481830004001508271OSt20250528074016.0250313b |||||||j |||| 00| 1 eng d a9788539513277 bPor hengapor a028.5bS879c aStone, Rex aDinosaur Cove: Stampede of the Giant reptiles aA Caverna dos Dinossauros bA fuga dos répteis gigantes / cStone, Rex ; tradução de Erica Silveira Campos e ilustração de Mike Spoor aSão PaulobFundamentoc2015 a61 p.bil. 1 aA Caverna dos Dinossauros vLivro 6 aJamie e Tom adoram visitar o Mundo dos Dinossauros! Mas, desta vez, ao chegarem lá, tudo está muito estranho e quieto demais. Nenhum sinal de dinossauro! De repente, os amigos ouvem uma explosão ensurdecedora e veem meteoros caindo! Quando as grandes pedras atingem o solo, devastam boa parte do bosque de pinheiros. Os dinossauros estavam escondidos por causa disso! E entre os mais assustados está uma manada de edmontossauros, criaturas tão grandes que podem ter até mil dentes! Querendo fugir do perigo, os animais decidem correr para o lado oposto ao fogo. O problema é que nessa direção tem uma imensa cratera aberta por um meteoro! Se Jamie e Tom não pararem a manada, os edmontossauros estarão perdidos! Mas como é que dois meninos conseguirão parar mais de cem dinossauros gigantescos sem ser pisoteados? Isso é o que você está prestes a descobrir! 0aLiteratura Americana 0aInfantojuvenil 0aDinossauros  0aAventura 0aGrandes Amizades 0aRomance 0aFicção  aErica Silveira CamposeTRADUTORA aMike SpooreIlustrador aA Caverna dos Dinossauros vLivro 6